000 00855nam a2200241 4500
003 CO-ViMGA
020 _a9789589016480
040 _aCO-ViMGA
_bspa
_cCO-ViMGA
090 _aC HEM1
100 1 _aHemingway, Ernest,
_d1898-1961
_98529
245 1 0 _aCuentos /
_cErnest Hemingway.
260 _aBogotá :
_bPenguin Random House,
_c2016.
300 _a595 páginas ;
_b19 cm.
490 _aPlan Nacional de Lectura y Escritura Leer es mi Cuento / Ministerio de Cultura
650 1 4 _aAsesinos en literatura
_98531
650 1 4 _aCuentos estadounidenses
_xColecciones
_ySiglo XX
_98530
650 1 4 _aLiteratura estadounidense
_ySiglo XX
_98357
650 1 4 _aVejes en la literatura
_98533
650 1 4 _aVientos en la literatura
_98532
700 1 _aAlou, Damián,
_etraductor
_98534
700 1 _aGarcía Márquez, Gabriel,
_d1927-2014
_91
942 _2ddc
_cBK
999 _c7575
_d7575